[Event "HUN-chT2 Erkel 1819"]
[Site "Hungary"]
[Date "2019.02.10"]
[Round "5.11"]
[White "Magyar, Erik Ferenc"]
[Black "Vasko, Imre"]
[Result "1/2-1/2"]
[WhiteElo "1522"]
[BlackElo "1817"]
[PlyCount "117"]
[EventDate "2018.10.28"]
[EventType "team-tourn"]
[EventRounds "9"]
[EventCountry "HUN"]
[SourceTitle "EXT 2021"]
[Source "ChessBase"]
[SourceDate "2020.10.23"]
[SourceVersion "1"]
[SourceVersionDate "2020.10.23"]
[SourceQuality "1"]
[WhiteTeam "Varosgazda Akademia"]
[BlackTeam "Andornaktalya"]
[WhiteTeamCountry "HUN"]
[BlackTeamCountry "HUN"]

1. e4 e6 2. d4 d5 3. exd5 exd5 4. c3 Bd6 5. Bd3 Ne7 6. Ne2 Bf5 7. 0-0 0-0 8. Qc2 Bxd3 9. Qxd3 h6 10. Bf4 c6 11. Nd2 Ng6 12. Bxd6 Qxd6 13. Qg3 Qd7 14. Nf4 Nxf4 15. Qxf4 Na6 16. Nf3 f6 17. Rfe1 Rfe8 18. Rxe8+ Rxe8 19. Re1 Nc7 20. Rxe8+ Nxe8 21. Ne1 Nd6 22. f3 b6 23. Nd3 Kf7 24. Kf2 Ke7 25. b3 g5 26. Qe3+ Qe6 27. g4 Nf7 28. h3 Kd6 29. Qxe6+ Kxe6 30. Ke3 Kd6 31. Nf2 c5 32. Nh1 Ke6 33. Ng3 Nd6 34. Ne2 f5 35. Kd2 f4 36. Kc2 Nf7 37. Nc1 Nh8 38. Nd3 cxd4 39. cxd4 Ng6 40. Kc3 Kd6 41. Ne1 Nh4 42. Kd3 Kc6 43. Kc3 Kb5 44. a3 Ka5 45. Kd3 Kb5 46. Kc3 a6 47. Kd3 Kc6 48. Kc3 b5 49. Kd3 Ng6 50. Kc3 Nh4 51. Kc2 Kb6 52. Kc3 Kc6 53. Kc2 Kb6 54. Kc3 Ka5 55. Kc2 Kb6 56. Kc3 a5 57. Kc2 Kc6 58. Kc3 Kd6 59. Kd2 1/2-1/2

[Event "HUN-chT2 Erkel 1718"]
[Site "Hungary"]
[Date "2017.12.17"]
[Round "6.6"]
[White "Vasko, Imre"]
[Black "Slezak, Robert"]
[Result "0-1"]
[WhiteElo "1882"]
[BlackElo "2033"]
[PlyCount "100"]
[EventDate "2017.09.24"]
[EventType "team-tourn"]
[EventRounds "11"]
[EventCountry "HUN"]
[SourceTitle "EXT 2021"]
[Source "ChessBase"]
[SourceDate "2020.10.23"]
[SourceVersion "1"]
[SourceVersionDate "2020.10.23"]
[SourceQuality "1"]
[WhiteTeam "Andornaktalya"]
[BlackTeam "Fot"]
[WhiteTeamCountry "HUN"]
[BlackTeamCountry "HUN"]

1. d4 Nf6 2. Bf4 g6 3. Nc3 c5 4. d5 d6 5. e4 Bg7 6. Qd2 a6 7. Be2 h6 8. h4 b5 9. f3 Qa5 10. g4 Nfd7 11. Nh3 b4 12. Nd1 Qb6 13. Be3 Ne5 14. Nhf2 a5 15. f4 Ned7 16. h5 Ba6 17. Bd3 Qc7 18. hxg6 fxg6 19. e5 Nf8 20. Be4 Nbd7 21. e6 Nb6 22. Rb1 Nc4 23. Qc1 Bb7 24. c3 Nb6 25. c4 0-0-0 26. Qc2 Rg8 27. b3 Qb8 28. Ke2 Qa8 29. Bxg6 Nxg6 30. Qxg6 Nxd5 31. cxd5 Bxd5 32. Rh3 a4 33. Qc2 axb3 34. axb3 Bxe6 35. Nb2 Qa2 36. Bxc5 Kd7 37. Bxb4 Rb8 38. f5 Bd5 39. Rd3 Rgc8 40. Qd1 Rxb4 41. Rxd5 Bxb2 42. Rd2 Qa6+ 43. Nd3 Bf6 44. Kf3 Qb7+ 45. Kg3 Rc3 46. Kh2 Rd4 47. Nf2 Be5+ 48. Kg1 Rg3+ 49. Kf1 Qg2+ 50. Ke1 Re3+ 0-1

[Event "HUN-chT2 Erkel 1516"]
[Site "Hungary"]
[Date "2016.02.14"]
[Round "7.10"]
[White "Karpati, Kende Vajk"]
[Black "Vasko, Imre"]
[Result "1/2-1/2"]
[WhiteElo "2032"]
[BlackElo "1886"]
[PlyCount "87"]
[EventDate "2015.09.13"]
[EventType "team-tourn"]
[EventRounds "11"]
[EventCountry "HUN"]
[SourceTitle "EXT 2017"]
[Source "ChessBase"]
[SourceDate "2016.10.25"]
[SourceVersion "1"]
[SourceVersionDate "2016.10.25"]
[SourceQuality "1"]
[WhiteTeam "Foti"]
[BlackTeam "Andornaktalya"]
[WhiteTeamCountry "HUN"]
[BlackTeamCountry "HUN"]

1. d4 e6 2. c4 b6 3. Nf3 Bb7 4. g3 f5 5. Bg2 Nf6 6. 0-0 Be7 7. b3 0-0 8. Bb2 Qe8 9. Nbd2 h6 10. Ne5 Bxg2 11. Kxg2 d6 12. Nd3 Qf7 13. e3 Nbd7 14. Qf3 d5 15. Ne5 Nxe5 16. dxe5 Ne4 17. Nxe4 dxe4 18. Qe2 Rfd8 19. Rfd1 Qe8 20. Rxd8 Rxd8 21. Rd1 g6 22. Rd2 Bb4 23. Rd4 Bc5 24. Rd2 Be7 25. Qd1 Kf7 26. Bc3 Rxd2 27. Qxd2 Qd8 28. Qd4 c5 29. Qxd8 Bxd8 30. Kf1 g5 31. h3 h5 32. Ke2 g4 33. h4 Bc7 34. Kd2 a6 35. Kc2 Ke7 36. a4 Kd7 37. Kb2 Kc6 38. Ka3 a5 39. Kb2 Kd7 40. Kc2 Ke7 41. Kd2 Kf7 42. Ke2 Kg6 43. Kf1 Bd8 44. Kg2 1/2-1/2

[Event "HUN-chT2 Erkel 1516"]
[Site "Hungary"]
[Date "2015.10.04"]
[Round "2.10"]
[White "Vasko, Imre"]
[Black "Csaszar, Gyula"]
[Result "0-1"]
[WhiteElo "1906"]
[BlackElo "2066"]
[PlyCount "100"]
[EventDate "2015.09.13"]
[EventType "team-tourn"]
[EventRounds "11"]
[EventCountry "HUN"]
[SourceTitle "CBM 170 Extra"]
[Source "ChessBase"]
[SourceDate "2016.02.25"]
[SourceVersion "1"]
[SourceVersionDate "2016.02.25"]
[SourceQuality "1"]
[WhiteTeam "Andornaktalya"]
[BlackTeam "Barcza BEAC"]
[WhiteTeamCountry "HUN"]
[BlackTeamCountry "HUN"]

1. c4 Nf6 2. g3 g6 3. Bg2 c6 4. Nc3 Bg7 5. d4 d5 6. cxd5 cxd5 7. Nf3 0-0 8. 0-0 Nc6 9. h3 Bf5 10. a3 Rc8 11. g4 Be6 12. Bf4 h5 13. g5 Ne4 14. Rc1 Qd7 15. Kh2 Bf5 16. e3 Rfd8 17. Qe2 a6 18. Rfd1 b5 19. Nh4 Qe6 20. Nxf5 Qxf5 21. Nxe4 dxe4 22. Rc5 Nxd4 23. exd4 Qxf4+ 24. Kg1 Rxc5 25. dxc5 Rxd1+ 26. Qxd1 Qxg5 27. c6 Be5 28. Qd8+ Kg7 29. c7 Qc1+ 30. Bf1 Qxc7 31. Qxc7 Bxc7 32. b3 f5 33. a4 bxa4 34. bxa4 a5 35. Bc4 Bb6 36. Kg2 e5 37. Bd5 Kf6 38. Kf1 Kg5 39. Bf7 f4 40. Be8 h4 41. Bc6 Kf5 42. Bd7+ Kf6 43. Bc6 e3 44. fxe3 Bxe3 45. Ke2 g5 46. Kf3 Ke6 47. Kg4 Kd6 48. Be4 Kc5 49. Kf5 Kb4 50. Bc6 f3 0-1

[Event "HUN-chT2 Erkel 1516"]
[Site "Hungary"]
[Date "2015.09.13"]
[Round "1.11"]
[White "Vasko, Imre"]
[Black "Feher, Mihaly"]
[Result "1/2-1/2"]
[WhiteElo "1912"]
[BlackElo "1681"]
[PlyCount "105"]
[EventDate "2015.09.13"]
[EventType "team-tourn"]
[EventRounds "11"]
[EventCountry "HUN"]
[SourceTitle "CBM 170 Extra"]
[Source "ChessBase"]
[SourceDate "2016.02.25"]
[SourceVersion "1"]
[SourceVersionDate "2016.02.25"]
[SourceQuality "1"]
[WhiteTeam "Andornaktalya"]
[BlackTeam "GSBE"]
[WhiteTeamCountry "HUN"]
[BlackTeamCountry "HUN"]

1. c4 c5 2. g3 Nf6 3. Bg2 g6 4. Nc3 Nc6 5. e4 e5 6. Nge2 Bg7 7. 0-0 0-0 8. d3 a6 9. h3 h6 10. Be3 d6 11. Qd2 Kh7 12. f4 exf4 13. Nxf4 Be6 14. Rad1 Qc7 15. b3 Ng8 16. Nce2 Rad8 17. d4 cxd4 18. Nxd4 Nxd4 19. Bxd4 Bxd4+ 20. Qxd4 Qe7 21. Rde1 Bc8 22. Nd5 Qe5 23. Qf2 Kg7 24. g4 Be6 25. Qd2 Bc8 26. Rf2 h5 27. g5 f6 28. gxf6+ Nxf6 29. Qa5 Nxd5 30. exd5 Qd4 31. Re7+ Kg8 32. Qd2 Qxf2+ 33. Qxf2 Rxf2 34. Kxf2 b5 35. cxb5 axb5 36. a4 bxa4 37. bxa4 Kf8 38. Re3 Bf5 39. a5 Ra8 40. Ra3 Ke7 41. a6 Bc8 42. Bf1 Kf6 43. a7 Ke5 44. Ke3 g5 45. Bb5 Kxd5 46. Be8 Kc5 47. Bxh5 Kb6 48. Kd4 Rxa7 49. Rxa7 Kxa7 50. Kd5 Bxh3 51. Kxd6 Kb6 52. Ke5 Kc5 53. Kf6 1/2-1/2

[Event "HUN-chT2 Erkel 1415"]
[Site "Hungary"]
[Date "2014.11.30"]
[Round "3.11"]
[White "Vasko, Imre"]
[Black "Toth Katona, Tamas"]
[Result "0-1"]
[WhiteElo "1958"]
[BlackElo "2038"]
[PlyCount "36"]
[EventDate "2014.09.28"]
[EventType "team-tourn"]
[EventRounds "9"]
[EventCountry "HUN"]
[SourceTitle "EXT 2016"]
[Source "ChessBase"]
[SourceDate "2015.10.08"]
[SourceVersion "1"]
[SourceVersionDate "2015.10.08"]
[SourceQuality "1"]
[WhiteTeam "Andornaktalya"]
[BlackTeam "Budapest MTK"]
[WhiteTeamCountry "HUN"]
[BlackTeamCountry "HUN"]

1. c4 e5 2. g3 Nf6 3. Bg2 c6 4. Nc3 Bb4 5. e3 Bxc3 6. bxc3 d5 7. Qb3 dxc4 8. Qxc4 0-0 9. Ba3 Re8 10. Ne2 Na6 11. h3 Be6 12. Qa4 Qd7 13. d4 e4 14. c4 Nc7 15. Qc2 b5 16. Nc3 Bxc4 17. Nxe4 Nxe4 18. Bxe4 Rxe4 0-1

[Event "HUN-chT2 Erkel 1314"]
[Site "Hungary"]
[Date "2014.04.13"]
[Round "10.10"]
[White "Vasko, Imre"]
[Black "Czinkoczky, Reka"]
[Result "1/2-1/2"]
[WhiteElo "1947"]
[BlackElo "1563"]
[PlyCount "69"]
[EventDate "2013.09.08"]
[EventType "team-tourn"]
[EventRounds "11"]
[EventCountry "HUN"]
[SourceTitle "EXT 2016"]
[Source "ChessBase"]
[SourceDate "2015.10.08"]
[SourceVersion "1"]
[SourceVersionDate "2015.10.08"]
[SourceQuality "1"]
[WhiteTeam "Andornaktalya"]
[BlackTeam "Pestszentlorinc"]
[WhiteTeamCountry "HUN"]
[BlackTeamCountry "HUN"]

1. b4 d5 2. Bb2 Nf6 3. Nf3 e6 4. b5 b6 5. e3 Bd6 6. c4 dxc4 7. Bxc4 Bb7 8. 0-0 0-0 9. d4 c5 10. Nbd2 Nbd7 11. Rc1 Qe7 12. Qb3 cxd4 13. exd4 Bd5 14. Ne5 Bxc4 15. Ndxc4 Rfc8 16. Nc6 Qf8 17. Rc2 Nd5 18. Nxd6 Qxd6 19. Ba3 Qf4 20. Rfc1 Kh8 21. Nxa7 Rxc2 22. Rxc2 Qxd4 23. Rc1 h6 24. Bb2 Qf4 25. g3 Qe4 26. Nc6 Nc5 27. Qc2 Qd3 28. Qxd3 Nxd3 29. Rc2 Nxb2 30. Rxb2 Nc3 31. Ne5 Ra7 32. Nc4 Nd5 33. Kf1 Kg8 34. Ke1 Ra4 35. Nd6 1/2-1/2

[Event "HUN-chT2 Erkel 1314"]
[Site "Hungary"]
[Date "2014.03.02"]
[Round "8.11"]
[White "Vasko, Imre"]
[Black "Horvath, Zoltan2222"]
[Result "1/2-1/2"]
[WhiteElo "1947"]
[BlackElo "1974"]
[PlyCount "21"]
[EventDate "2013.09.08"]
[EventType "team-tourn"]
[EventRounds "11"]
[EventCountry "HUN"]
[SourceTitle "EXT 2016"]
[Source "ChessBase"]
[SourceDate "2015.10.08"]
[SourceVersion "1"]
[SourceVersionDate "2015.10.08"]
[SourceQuality "1"]
[WhiteTeam "Andornaktalya"]
[BlackTeam "Gyongyos Matra"]
[WhiteTeamCountry "HUN"]
[BlackTeamCountry "HUN"]

1. b4 e5 2. Bb2 d6 3. e3 f5 4. d4 e4 5. c4 Nf6 6. Nh3 Be6 7. Nd2 Be7 8. Ng5 Bg8 9. f3 d5 10. Qb3 c6 11. c5 1/2-1/2

[Event "HUN-chT2 Erkel 1213"]
[Site "Hungary"]
[Date "2013.01.27"]
[Round "6.11"]
[White "Horvath, Attila Bela"]
[Black "Vasko, Imre"]
[Result "1/2-1/2"]
[WhiteElo "1910"]
[BlackElo "1976"]
[PlyCount "55"]
[EventDate "2012.09.16"]
[EventType "team-tourn"]
[EventRounds "11"]
[EventCountry "HUN"]
[SourceTitle "EXT 2014"]
[Source "ChessBase"]
[SourceDate "2013.11.20"]
[SourceVersion "1"]
[SourceVersionDate "2013.11.20"]
[SourceQuality "1"]
[WhiteTeam "Barcza"]
[BlackTeam "Andornaktalya"]
[WhiteTeamCountry "HUN"]
[BlackTeamCountry "HUN"]

1. e4 c5 2. f4 a6 3. Nf3 b5 4. d3 Bb7 5. g3 e6 6. Bg2 Nf6 7. 0-0 Be7 8. c3 Qb6 9. Be3 Ng4 10. Qe2 Nxe3 11. Qxe3 d5 12. exd5 Bxd5 13. Nbd2 Ra7 14. a3 0-0 15. Rae1 Rc7 16. Re2 Qa7 17. Rfe1 h6 18. Ne5 Bxg2 19. Kxg2 Nd7 20. Ndf3 Nf6 21. h3 Qb7 22. Kh2 Rd8 23. Nxf7 Kxf7 24. Qxe6+ Kg6 25. Qf5+ Kf7 26. Ne5+ Kg8 27. Qe6+ Kh7 28. Qf5+ 1/2-1/2